000 00286nam a22001337a 4500
008 170830b xxu||||| |||| 00| 0 eng d
020 _a9780321011084
041 _aeng
080 _26 ED
_a070
100 _a39
101 _aMED
245 _aPHOTOGRAPHY
_cLONDON.B
942 _2udc
_cBK
999 _c25513
_d25513